[Event "Collado Villalba 64 op 9th"]
[Site "Collado Villalba"]
[Date "2024.08.10"]
[Round "9"]
[White "Camarero Izquierdo, Juan Carlos"]
[Black "Marcos Medina, Alejandro"]
[Result "1-0"]
[WhiteElo "1840"]
[BlackElo "1808"]
[PlyCount "51"]
[EventDate "2024.08.03"]
[EventType "swiss"]
[EventRounds "9"]
[EventCountry "ESP"]
[SourceTitle "EXT 2025"]
[Source "ChessBase"]
[SourceDate "2024.10.14"]
[SourceVersion "1"]
[SourceVersionDate "2024.10.14"]
[SourceQuality "1"]

1. d4 d5 2. Nc3 e6 3. e4 b6 4. e5 c5 5. dxc5 bxc5 6. Qg4 Bd7 7. Nf3 Nc6 8. Bb5 d4 9. Bxc6 Bxc6 10. Ne4 h5 11. Nd6+ Bxd6 12. Qxg7 Bxf3 13. Qxh8 Kd7 14. exd6 Bd5 15. Qxh5 Qf6 16. 0-0 Kxd6 17. Qe2 Qg6 18. Bf4+ Ke7 19. Bg3 Nf6 20. Qe5 Rd8 21. Qc7+ Nd7 22. Rfe1 Rg8 23. c4 dxc3 24. bxc3 Rb8 25. Rad1 Rb7 26. Qd6+ 1-0

[Event "Collado Villalba 64 op 9th"]
[Site "Collado Villalba"]
[Date "2024.08.07"]
[Round "6"]
[White "Gutierrez Diaz, Pablo"]
[Black "Camarero Izquierdo, Juan Carlos"]
[Result "1-0"]
[WhiteElo "1986"]
[BlackElo "1840"]
[PlyCount "87"]
[EventDate "2024.08.03"]
[EventType "swiss"]
[EventRounds "9"]
[EventCountry "ESP"]
[SourceTitle "EXT 2025"]
[Source "ChessBase"]
[SourceDate "2024.10.14"]
[SourceVersion "1"]
[SourceVersionDate "2024.10.14"]
[SourceQuality "1"]

1. e4 c5 2. Nf3 d6 3. Bb5+ Bd7 4. Bxd7+ Qxd7 5. c4 Nc6 6. d4 cxd4 7. Nxd4 Nf6 8. Nc3 e6 9. 0-0 Be7 10. Be3 0-0 11. f4 Nxd4 12. Bxd4 Rac8 13. Qe2 Qc7 14. b3 a6 15. Rf3 e5 16. Bf2 exf4 17. Bd4 d5 18. e5 Bc5 19. Bxc5 Qxc5+ 20. Qf2 Qxf2+ 21. Rxf2 Nh5 22. Nxd5 Rfe8 23. Re1 Re6 24. Rd2 g5 25. a4 Rce8 26. Rde2 Rc8 27. Re4 Kg7 28. Kf2 Kg6 29. a5 Kf5 30. Rd4 g4 31. g3 fxg3+ 32. hxg3 f6 33. Ne3+ Kg6 34. Rxg4+ Kf7 35. Nf5 fxe5 36. Rh1 Nf6 37. Rg7+ Kf8 38. Rxb7 Rd8 39. Rh4 h5 40. Ng7 Ng4+ 41. Ke2 Rf6 42. Rxh5 Rf2+ 43. Ke1 Kg8 44. Ne6 1-0

[Event "Collado Villalba 64 op 9th"]
[Site "Collado Villalba"]
[Date "2024.08.06"]
[Round "5"]
[White "Camarero Izquierdo, Juan Carlos"]
[Black "Parra Valero, Pablo"]
[Result "1-0"]
[WhiteElo "1840"]
[BlackElo "1711"]
[PlyCount "55"]
[EventDate "2024.08.03"]
[EventType "swiss"]
[EventRounds "9"]
[EventCountry "ESP"]
[SourceTitle "EXT 2025"]
[Source "ChessBase"]
[SourceDate "2024.10.14"]
[SourceVersion "1"]
[SourceVersionDate "2024.10.14"]
[SourceQuality "1"]

1. e4 e6 2. d4 d5 3. e5 c5 4. c3 Nc6 5. Nf3 Qb6 6. Bd3 cxd4 7. cxd4 Bb4+ 8. Nc3 Bd7 9. 0-0 Nxd4 10. Ng5 g6 11. Be3 Qd8 12. Nxf7 Kxf7 13. Bxd4 Ne7 14. Qf3+ Kg7 15. Qh3 Nc6 16. Be3 Kg8 17. Qg3 Be8 18. Nb5 Be7 19. Nd6 Bh4 20. Qf4 g5 21. Qg4 Bd7 22. Nxb7 Qe7 23. Qe2 d4 24. Bd2 Nb4 25. Bxb4 Qxb4 26. Nd6 Rb8 27. b3 Kf8 28. Qf3+ 1-0

[Event "Collado Villalba 64 op 9th"]
[Site "Collado Villalba"]
[Date "2024.08.05"]
[Round "4"]
[White "Garcia Prada, Alejandro"]
[Black "Camarero Izquierdo, Juan Carlos"]
[Result "1-0"]
[WhiteElo "2079"]
[BlackElo "1840"]
[PlyCount "113"]
[EventDate "2024.08.03"]
[EventType "swiss"]
[EventRounds "9"]
[EventCountry "ESP"]
[SourceTitle "EXT 2025"]
[Source "ChessBase"]
[SourceDate "2024.10.14"]
[SourceVersion "1"]
[SourceVersionDate "2024.10.14"]
[SourceQuality "1"]

1. e4 c5 2. Nf3 d6 3. d4 cxd4 4. Nxd4 Nf6 5. Nc3 a6 6. h3 e6 7. g4 Be7 8. g5 Nfd7 9. Be3 Nc6 10. h4 Qc7 11. f4 b5 12. a3 Rb8 13. Nxc6 Qxc6 14. Bd3 0-0 15. 0-0 b4 16. Ne2 bxa3 17. bxa3 Nc5 18. Ng3 d5 19. e5 Bb7 20. Bd4 Ne4 21. Kh2 Bc5 22. c3 Ba8 23. Qc2 Rfc8 24. Qe2 Rb3 25. Rfc1 Bxa3 26. Rc2 Bc5 27. Rxa6 Qb7 28. Raa2 Nxg3 29. Kxg3 Rb6 30. Ba6 Rxa6 31. Qxa6 Bxd4 32. Qxb7 Bxb7 33. cxd4 Rxc2 34. Rxc2 g6 35. h5 gxh5 36. f5 exf5 37. Kf4 Ba6 38. Rh2 Bd3 39. Rxh5 Kg7 40. Rh6 Be4 41. Rd6 Kf8 42. Rd7 Kg8 43. Rd8+ Kg7 44. Rd6 Kf8 45. Rf6 Kg8 46. e6 fxe6 47. Ke5 Kg7 48. Kxe6 h6 49. gxh6+ Kh7 50. Ke5 Kg8 51. Rxf5 Bxf5 52. Kxf5 Kh7 53. Ke5 Kxh6 54. Kxd5 Kg7 55. Kd6 Kf7 56. d5 Ke8 57. Kc7 1-0

[Event "Collado Villalba op 40th"]
[Site "Collado Villalba"]
[Date "2023.08.25"]
[Round "4"]
[White "Camarero Izquierdo, Juan Carlos"]
[Black "Xia, Zhe"]
[Result "1-0"]
[WhiteElo "1737"]
[BlackElo "1428"]
[PlyCount "49"]
[EventDate "2023.08.22"]
[EventType "swiss"]
[EventRounds "9"]
[EventCountry "ESP"]
[SourceTitle "CBM 216 Extra"]
[Source "ChessBase"]
[SourceDate "2023.11.30"]
[SourceVersion "1"]
[SourceVersionDate "2023.11.30"]
[SourceQuality "1"]

1. e4 e5 2. Nf3 Nc6 3. Bb5 Nf6 4. 0-0 Nxe4 5. Re1 Nd6 6. Bxc6 dxc6 7. Qe2 Be7 8. Qxe5 f6 9. Qh5+ Nf7 10. Nc3 0-0 11. d3 f5 12. Ne5 Nxe5 13. Rxe5 Bf6 14. Re3 f4 15. Re4 Bg5 16. Re5 Bf6 17. Re2 f3 18. gxf3 Bxc3 19. bxc3 g6 20. Qh6 Rxf3 21. Ba3 Rh3 22. Qf4 Bf5 23. Rae1 Qd5 24. Qxc7 Rh4 25. Re8+ 1-0

[Event "Mostoles op 12th"]
[Site "Mostoles"]
[Date "2023.07.26"]
[Round "4"]
[White "Xia, Zhe"]
[Black "Camarero Izquierdo, Juan Carlos"]
[Result "0-1"]
[WhiteElo "1416"]
[BlackElo "1739"]
[PlyCount "66"]
[EventDate "2023.07.23"]
[EventType "swiss"]
[EventRounds "8"]
[EventCountry "ESP"]
[SourceTitle "CBM 215 Extra"]
[Source "ChessBase"]
[SourceDate "2023.09.30"]
[SourceVersion "1"]
[SourceVersionDate "2023.09.30"]
[SourceQuality "1"]

1. d4 d5 2. c4 e6 3. Nc3 f5 4. cxd5 exd5 5. Bf4 c6 6. e3 Nf6 7. Bd3 Bd6 8. Bg3 0-0 9. Nf3 Ng4 10. h3 Nxe3 11. Qd2 Nxg2+ 12. Kf1 f4 13. Kxg2 fxg3 14. fxg3 Bf5 15. Ng5 Bxd3 16. Ne6 Qe8 17. Nxf8 Be4+ 18. Nxe4 Qxe4+ 19. Kh2 Bxf8 20. Rae1 Qg6 21. Rhf1 Nd7 22. Rf4 Nf6 23. Ref1 Bd6 24. Rxf6 gxf6 25. Rf3 Re8 26. Qf2 Re6 27. a3 Kg7 28. Rb3 b6 29. Rc3 Qe8 30. Qf3 Re2+ 31. Kg1 Rxb2 32. Re3 Qg6 33. Rd3 Qe4 0-1

[Event "Madrid-ch Previa A"]
[Site "Madrid"]
[Date "2023.02.14"]
[Round "5.31"]
[White "Camarero Izquierdo, Juan Carlos"]
[Black "De la Villa Ramos, Maria"]
[Result "1-0"]
[WhiteElo "1651"]
[BlackElo "1421"]
[PlyCount "53"]
[EventDate "2023.02.06"]
[EventType "swiss"]
[EventRounds "9"]
[EventCountry "ESP"]
[SourceTitle "EXT 2024"]
[Source "ChessBase"]
[SourceDate "2023.10.10"]
[SourceVersion "1"]
[SourceVersionDate "2023.10.10"]
[SourceQuality "1"]

1. e4 c5 2. Nf3 Nc6 3. d4 e6 4. d5 exd5 5. exd5 Nce7 6. d6 Nf5 7. Qe2+ Nge7 8. dxe7 Bxe7 9. Bg5 0-0 10. Bxe7 Nxe7 11. Nc3 Re8 12. 0-0-0 Nd5 13. Qc4 Nxc3 14. Qxc3 d6 15. Kb1 a6 16. Bc4 Bg4 17. Rde1 Rxe1+ 18. Rxe1 b5 19. Bd5 Ra7 20. h4 h6 21. Qe3 Bf5 22. Qf4 Qf6 23. Re8+ Kh7 24. Be4 Bxe4 25. Qxe4+ g6 26. g4 d5 27. Qxd5 1-0

[Event "Madrid Alcorcon op 1st"]
[Site "Madrid"]
[Date "2022.12.27"]
[Round "3"]
[White "Ramos Barrios, Daniel"]
[Black "Camarero Izquierdo, Juan Carlos"]
[Result "0-1"]
[WhiteElo "1093"]
[BlackElo "1691"]
[PlyCount "56"]
[EventDate "2022.12.26"]
[EventType "swiss"]
[EventRounds "9"]
[EventCountry "ESP"]
[SourceTitle "CBM 212 Extra"]
[Source "ChessBase"]
[SourceDate "2023.03.31"]
[SourceVersion "1"]
[SourceVersionDate "2023.03.31"]
[SourceQuality "1"]

1. d4 d5 2. Bf4 e6 3. e3 c6 4. Nf3 f5 5. c4 Nf6 6. Nc3 Bd6 7. Bg3 0-0 8. c5 Be7 9. h4 Ne4 10. Nxe4 fxe4 11. Ne5 Bf6 12. h5 Bxe5 13. Bxe5 Nd7 14. h6 Nxe5 15. hxg7 Qa5+ 16. Ke2 Qb5+ 17. Ke1 Qb4+ 18. Qd2 Qxd2+ 19. Kxd2 Rxf2+ 20. Ke1 Ng4 21. Rh4 e5 22. Be2 Rxg2 23. Kf1 Nxe3+ 24. Ke1 Nc2+ 25. Kf1 Rxe2 26. Rc1 Nxd4 27. Rd1 Rxb2 28. Rh5 Bg4 0-1

[Event "Collado Villalba op 39th"]
[Site "Collado Villalba"]
[Date "2022.08.26"]
[Round "7"]
[White "Serrano Ruiz, Lope"]
[Black "Camarero Izquierdo, Juan Carlos"]
[Result "1-0"]
[WhiteElo "2042"]
[BlackElo "1702"]
[PlyCount "49"]
[EventDate "2022.08.20"]
[EventType "swiss"]
[EventRounds "9"]
[EventCountry "ESP"]
[SourceTitle "EXT 2023"]
[Source "ChessBase"]
[SourceDate "2022.10.05"]
[SourceVersion "1"]
[SourceVersionDate "2022.10.05"]
[SourceQuality "1"]

1. e4 c5 2. b4 cxb4 3. a3 e5 4. Nf3 Nc6 5. Bb2 bxa3 6. Nxa3 Bxa3 7. Rxa3 d6 8. d4 Bg4 9. Bb5 Qb6 10. Rb3 a6 11. Bxc6+ Qxc6 12. dxe5 Qxe4+ 13. Re3 Bxf3 14. gxf3 Qg6 15. exd6+ Kd7 16. Qd5 Rb8 17. Qc5 Rc8 18. Qb6 Rxc2 19. Qxb7+ Kxd6 20. Ba3+ Rc5 21. Bxc5+ Kxc5 22. Rc3+ Kd4 23. Qb4+ Kd5 24. Rc5+ Kd6 25. Qb6+ 1-0

[Event "Collado Villalba op 39th"]
[Site "Collado Villalba"]
[Date "2022.08.20"]
[Round "1"]
[White "Camarero Izquierdo, Juan Carlos"]
[Black "Rodriguez de Robles, Ignacio"]
[Result "1-0"]
[WhiteElo "1702"]
[BlackElo "1873"]
[PlyCount "107"]
[EventDate "2022.08.20"]
[EventType "swiss"]
[EventRounds "9"]
[EventCountry "ESP"]
[SourceTitle "EXT 2023"]
[Source "ChessBase"]
[SourceDate "2022.10.05"]
[SourceVersion "1"]
[SourceVersionDate "2022.10.05"]
[SourceQuality "1"]

1. e4 c6 2. d4 g6 3. Nc3 Bg7 4. f4 d5 5. e5 Nh6 6. Nf3 Bg4 7. Bd3 Nf5 8. Bxf5 gxf5 9. 0-0 e6 10. Qe1 Nd7 11. Qg3 Rg8 12. b3 Qb6 13. Na4 Qa6 14. Qh4 f6 15. Ne1 0-0-0 16. Nd3 Be2 17. Ndc5 Nxc5 18. Nxc5 Qb6 19. Re1 Qb4 20. Qf2 Bh5 21. Nxe6 Rd7 22. Nc5 Re7 23. Bd2 Qb6 24. Qh4 Bg6 25. exf6 Rxe1+ 26. Rxe1 Qd8 27. Re7 Bf8 28. Nxb7 Qb6 29. Nd6+ Kb8 30. Rb7+ Qxb7 31. Nxb7 Kxb7 32. f7 Rg7 33. c4 Rxf7 34. cxd5 cxd5 35. Qd8 Kc6 36. b4 Bg7 37. Bc3 Rd7 38. b5+ Kd6 39. Qb8+ Ke6 40. a4 Bf6 41. Qg8+ Bf7 42. Qxh7 Rc7 43. Qh3 Be8 44. Qe3+ Kf7 45. Bb4 Rc4 46. Bc5 Rxa4 47. b6 axb6 48. Bxb6 Bb5 49. h4 Bc4 50. Bc5 Ra1+ 51. Kh2 Rd1 52. Qf3 Rd3 53. Qh5+ Kg7 54. Qxf5 1-0

[Event "Collado Villalba Grupo Gallinero op 1st"]
[Site "Collado Villalba"]
[Date "2022.08.16"]
[Round "8"]
[White "Camarero Izquierdo, Juan Carlos"]
[Black "Martin Arbeloa, Fernando"]
[Result "0-1"]
[WhiteElo "1702"]
[BlackElo "1917"]
[PlyCount "96"]
[EventDate "2022.08.12"]
[EventType "swiss"]
[EventRounds "9"]
[EventCountry "ESP"]
[SourceTitle "CBM 210 Extra"]
[Source "ChessBase"]
[SourceDate "2022.11.30"]
[SourceVersion "1"]
[SourceVersionDate "2022.11.30"]
[SourceQuality "1"]

1. e4 c6 2. d4 d5 3. e5 c5 4. c3 Nc6 5. Be2 cxd4 6. cxd4 Bf5 7. Nf3 e6 8. 0-0 Nge7 9. Nc3 Bg6 10. Nh4 Nf5 11. Nxf5 Bxf5 12. Bb5 Rc8 13. Qh5 Be7 14. Kh1 0-0 15. Bxc6 Rxc6 16. f4 Bg6 17. Qe2 Qd7 18. a3 Rc4 19. Be3 b5 20. Qg4 Rfc8 21. h4 Bf5 22. Qf3 Bxh4 23. g4 Be4 24. Nxe4 dxe4 25. Qxe4 Qd5 26. Qxd5 exd5 27. g5 Rc2 28. Rf3 Re2 29. Bg1 Be1 30. Re3 Rxe3 31. Bxe3 Ba5 32. b4 Bb6 33. a4 bxa4 34. Rxa4 Rc2 35. Kg1 g6 36. Bf2 Kg7 37. Ra3 Rb2 38. Ra4 h5 39. gxh6+ Kxh6 40. Ra3 Kh5 41. Rh3+ Kg4 42. Rh7 Kf3 43. Be1 Bxd4+ 44. Kf1 Rb1 45. b5 Bb6 46. Rxf7 Ba5 47. Kg1 Bxe1 48. Kh2 Bg3+ 0-1

[Event "Collado Villalba Grupo Gallinero op 1st"]
[Site "Collado Villalba"]
[Date "2022.08.12"]
[Round "1"]
[White "Martinez Fernandez, Raul"]
[Black "Camarero Izquierdo, Juan Carlos"]
[Result "1-0"]
[WhiteElo "2187"]
[BlackElo "1702"]
[PlyCount "83"]
[EventDate "2022.08.12"]
[EventType "swiss"]
[EventRounds "9"]
[EventCountry "ESP"]
[SourceTitle "CBM 210 Extra"]
[Source "ChessBase"]
[SourceDate "2022.11.30"]
[SourceVersion "1"]
[SourceVersionDate "2022.11.30"]
[SourceQuality "1"]

1. e4 c5 2. Nf3 d6 3. d4 cxd4 4. Nxd4 Nf6 5. Nc3 a6 6. Rg1 e6 7. g4 Nc6 8. g5 Nd7 9. Be3 Qc7 10. f4 b5 11. Bg2 Bb7 12. f5 Nxd4 13. Qxd4 e5 14. Qd2 Rc8 15. 0-0-0 b4 16. Nd5 Bxd5 17. exd5 a5 18. Bf1 Be7 19. Bb5 f6 20. h4 0-0 21. g6 Nc5 22. Bxc5 Qxc5 23. Bd7 h6 24. Be6+ Kh8 25. Bxc8 Rxc8 26. Kb1 a4 27. Rg3 Bd8 28. c3 Ba5 29. cxb4 Bxb4 30. Qc1 Rb8 31. Qxc5 Bxc5 32. Rg4 a3 33. b3 h5 34. Ra4 Kg8 35. Rc1 Kf8 36. Rcc4 Ke7 37. Kc2 Kd7 38. b4 Bd4 39. Rxa3 Re8 40. Rxd4 exd4 41. Ra7+ Kd8 42. Ra8+ 1-0

[Event "Mostoles op 11th"]
[Site "Mostoles"]
[Date "2022.07.21"]
[Round "5"]
[White "Neagu, Roberto Florin"]
[Black "Camarero Izquierdo, Juan Carlos"]
[Result "1-0"]
[WhiteElo "2056"]
[BlackElo "1694"]
[PlyCount "105"]
[EventDate "2022.07.17"]
[EventType "swiss"]
[EventRounds "9"]
[EventCountry "ESP"]
[SourceTitle "EXT 2024"]
[Source "ChessBase"]
[SourceDate "2023.10.10"]
[SourceVersion "1"]
[SourceVersionDate "2023.10.10"]
[SourceQuality "1"]

1. Nf3 d5 2. e3 c6 3. c4 e6 4. d4 f5 5. Bd3 Nf6 6. 0-0 Bd6 7. b3 0-0 8. Ba3 Ne4 9. Bxd6 Qxd6 10. Ne5 Nd7 11. f4 Rf6 12. Qh5 Qe7 13. Bxe4 dxe4 14. Qh4 Qe8 15. Nxd7 Bxd7 16. c5 Rh6 17. Qf2 Qh5 18. g3 Be8 19. Nd2 Qh3 20. Qg2 Qg4 21. Nc4 Rh3 22. Ne5 Qh5 23. Rf2 Bg6 24. Qf1 Rf8 25. Qc4 Bf7 26. Raf1 Qh6 27. Qb4 Bh5 28. Qxb7 Bf3 29. Nxf3 exf3 30. Qxc6 Qg6 31. Qxf3 h5 32. Kg2 Rh4 33. Kh1 Rg4 34. Rg2 Qh6 35. h4 Rd8 36. c6 Qf6 37. c7 Rc8 38. Qb7 Qf8 39. d5 exd5 40. Qxd5+ Kh7 41. Rc1 Rg6 42. Kh2 Rd6 43. Qc5 a6 44. b4 Qf6 45. a4 Rd7 46. Qa5 g6 47. b5 Qe7 48. b6 Qxe3 49. Qc5 Qb3 50. a5 Rd5 51. Qc4 Qe3 52. Qxd5 Qxc1 53. Qd7+ 1-0

[Event "Madrid-ch Seniors 65+"]
[Site "Madrid"]
[Date "2022.04.25"]
[Round "5"]
[White "Camarero Izquierdo, Juan Carlos"]
[Black "Ortiz Landeira, Jose Antonio"]
[Result "1/2-1/2"]
[WhiteElo "1829"]
[BlackElo "1783"]
[PlyCount "149"]
[EventDate "2022.04.18"]
[EventType "swiss"]
[EventRounds "7"]
[EventCountry "ESP"]
[SourceTitle "EXT 2023"]
[Source "ChessBase"]
[SourceDate "2022.10.05"]
[SourceVersion "1"]
[SourceVersionDate "2022.10.05"]
[SourceQuality "1"]

1. d4 d5 2. e3 b6 3. Bd3 Ba6 4. f4 Bxd3 5. Qxd3 Nd7 6. Nf3 e6 7. Nbd2 c5 8. c3 g6 9. 0-0 f5 10. Ne5 Ngf6 11. Rf3 Nxe5 12. fxe5 Ne4 13. Rh3 c4 14. Qe2 Nxd2 15. Bxd2 h5 16. Rf1 Bg7 17. Rg3 Kf7 18. e4 dxe4 19. Qxe4 Qd5 20. Qe2 Bh6 21. Bxh6 Rxh6 22. Qe3 Kg7 23. Rg5 Rg8 24. Rf3 Rh7 25. Rgg3 Kf7 26. b3 b5 27. h4 Rhg7 28. Qc1 Rc8 29. b4 a6 30. Rg5 Ke7 31. Rfg3 Rcg8 32. Qa3 Qc6 33. Qa5 Kf7 34. Qa3 Ra8 35. Qc1 Qd5 36. Qb1 Rag8 37. a4 Kf8 38. Rf3 Rd7 39. Rf1 Qe4 40. Qe1 Qxe1 41. Rxe1 Kf7 42. axb5 axb5 43. Ra1 Rb8 44. Rg3 Rbb7 45. Re3 Ra7 46. Ree1 g5 47. hxg5 Kg6 48. Red1 Kxg5 49. Rxa7 Rxa7 50. d5 exd5 51. Rxd5 Ra1+ 52. Kf2 Rc1 53. Rxb5 Rxc3 54. Rc5 f4 55. b5 Rb3 56. Ke2 h4 57. Kf2 Kf5 58. Kf1 Rb2 59. Rxc4 Rxb5 60. e6 Re5 61. Kf2 Rxe6 62. Rc5+ Re5 63. Rc8 Ra5 64. Rf8+ Kg4 65. Rg8+ Rg5 66. Rf8 Rg6 67. Rf7 Rg8 68. Rf6 Ra8 69. Rg6+ Kf5 70. Rg7 Ra2+ 71. Kf1 Ra3 72. Rf7+ Ke5 73. Rh7 h3 74. Rxh3 Rxh3 75. gxh3 1/2-1/2

[Event "Alcorcon Diagonal op 1st"]
[Site "Alcorcon"]
[Date "2022.02.12"]
[Round "5"]
[White "Camarero Izquierdo, Juan Carlos"]
[Black "Garcia Santiago, Juan Carlos"]
[Result "1-0"]
[WhiteElo "1843"]
[BlackElo "1571"]
[PlyCount "61"]
[EventDate "2022.01.15"]
[EventType "swiss"]
[EventRounds "7"]
[EventCountry "ESP"]
[SourceTitle "EXT 2023"]
[Source "ChessBase"]
[SourceDate "2022.10.05"]
[SourceVersion "1"]
[SourceVersionDate "2022.10.05"]
[SourceQuality "1"]

1. d4 Nf6 2. Nc3 g6 3. e4 d6 4. Bg5 Bg7 5. Qd2 Nc6 6. 0-0-0 h6 7. Be3 Bd7 8. f4 e5 9. d5 Ne7 10. fxe5 dxe5 11. h3 Nc8 12. Nf3 Nd6 13. Bd3 Qe7 14. g4 g5 15. Rhf1 a6 16. Qh2 Nh7 17. Qe2 Nf6 18. Rf2 b5 19. a3 c6 20. Rdf1 cxd5 21. Bc5 d4 22. Nd5 Nxd5 23. exd5 Rc8 24. Bxd6 Qxd6 25. Nxd4 0-0 26. Qe4 f5 27. Nxf5 Bxf5 28. Rxf5 Qd7 29. Rxf8+ Bxf8 30. Qg6+ Qg7 31. Qe6+ 1-0

[Event "Collado Villalba op 38th"]
[Site "Collado Villalba"]
[Date "2021.08.28"]
[Round "8"]
[White "Camarero Izquierdo, Juan Carlos"]
[Black "Rojas Fernandez, Antonio"]
[Result "1-0"]
[WhiteElo "1830"]
[BlackElo "1642"]
[PlyCount "129"]
[EventDate "2021.08.21"]
[EventType "swiss"]
[EventRounds "9"]
[EventCountry "ESP"]
[SourceTitle "EXT 2022"]
[Source "ChessBase"]
[SourceDate "2021.10.06"]
[SourceVersion "1"]
[SourceVersionDate "2021.10.06"]
[SourceQuality "1"]

1. d4 d5 2. Nc3 Nf6 3. Bg5 Nbd7 4. f3 c6 5. Qd3 g6 6. e4 dxe4 7. fxe4 Bg7 8. 0-0-0 Qc7 9. Nf3 b5 10. e5 Ng4 11. Ne4 a5 12. Qd2 h5 13. Bd3 Ba6 14. Qe2 Nb6 15. Nd6+ Kf8 16. Ne4 Nd5 17. Nh4 Nb4 18. Kb1 Nxd3 19. Qxd3 b4 20. Qf3 Kg8 21. e6 Rf8 22. exf7+ Kh7 23. Bf4 Qd7 24. Ng5+ Kh6 25. Ne6+ Kh7 26. Nxf8+ Rxf8 27. Qe4 Rxf7 28. Qxg6+ Kg8 29. Be5 Nf2 30. Bxg7 Rxg7 31. Qxh5 Nxh1 32. Rxh1 Qg4 33. Qe8+ Kh7 34. g3 Bb5 35. Qf8 e6 36. Qf6 a4 37. Re1 Bc4 38. b3 axb3 39. axb3 Bd5 40. Rf1 Bxb3 41. Qf3 Qxf3 42. Nxf3 Bd5 43. Ne5 Ra7 44. g4 Be4 45. Rf4 Bd5 46. g5 b3 47. c4 Bg2 48. g6+ Kg7 49. Kb2 Rb7 50. Rf7+ Rxf7 51. gxf7 Be4 52. Kxb3 Kf8 53. Kb4 Ke7 54. Kc5 Bg2 55. h4 Bh1 56. h5 Bg2 57. h6 Be4 58. h7 Bxh7 59. Kxc6 Be4+ 60. Kb6 Bc2 61. c5 Be4 62. c6 Bxc6 63. Kxc6 Kf8 64. Kd6 Kg7 65. Ke7 1-0